000 00398 a2200145 4500
005 20250627174924.0
020 _a0-13-051722-4
082 _a657.45 STE
100 _aSTETTLER, H. F.
245 _aAuditing principles : A Systems- Based Approach.
250 _a5th Ed.
260 _aNew Jersey,
_bPrentice Hall, Inc,
_c1982.
300 _axvii, 682p.: Ill.;figures
_bIndex
_c23cm.
942 _2ddc
_cBKS
999 _c1677
_d1677